NBA single game records - Statistics

General Stats
  • This quiz has been taken 28 times
  • The average score is 41 of 94
Answer Stats
Hint Answer % Correct
83 Bam Adebayo
100%
81 Kobe Bryant
100%
100 Wilt Chamberlain
100%
78 Wilt Chamberlain
100%
73 Wilt Chamberlain
100%
73 Wilt Chamberlain
100%
72 Wilt Chamberlain
100%
70 Wilt Chamberlain
100%
28 John Stockton
86%
27 John Stockton
86%
26 John Stockton
86%
24 John Stockton
86%
73 Luke Doncic
86%
15 Shaquille O'Neal
81%
73 David Thompson
76%
70 Devin Booker
76%
71 Donovan Mitchell
67%
12 Hakeem Olajuwon
67%
12 Hakeem Olajuwon
67%
70 Joel Embiid
67%
30 Scott Skiles
67%
71 Damian Lillard
62%
34 Dennis Rodman
62%
32 Dennis Rodman
62%
32 Dennis Rodman
62%
31 Dennis Rodman
62%
30 Dennis Rodman
62%
10 Michael Jordan
62%
24 Russel Westbrook
62%
24 Russel Westbrook
62%
71 David Robinson
57%
12 David Robinson
57%
25 Kevin Johnson
57%
10 Kevin Johnson
57%
24 Magic Johnson
57%
24 Magic Johnson
57%
71 Elgin Baylor
52%
14 Mark Eaton
52%
14 Mark Eaton
52%
12 Mark Eaton
52%
12 Mark Eaton
52%
12 Mark Eaton
52%
33 Charles Barkley
48%
30 Dwight Howard
43%
10 Alvin Robertson
38%
10 Alvin Robertson
38%
10 Alvin Robertson
38%
10 Alvin Robertson
38%
25 Jason Kidd
38%
10 Lou Williams
38%
15 Manute Bol
38%
15 Manute Bol
38%
13 Manute Bol
38%
12 Manute Bol
38%
12 Manute Bol
38%
12 Manute Bol
38%
12 Manute Bol
38%
31 Dikembe Mutombo
33%
12 Dikembe Mutombo
33%
25 Isiah Thomas
33%
24 Isiah Thomas
33%
10 Draymond Green
29%
25 Rajon Rondo
29%
24 Rajon Rondo
29%
13 Shawn Bradley
29%
12 Shawn Bradley
29%
13 Ralph Sampson
24%
35 Charles Oakley
19%
10 Clyde Drexler
14%
10 Clyde Drexler
14%
31 Jusuf Nurkic
14%
31 Kevin Love
14%
10 Mookie Blaylock
14%
10 Fat Lever
10%
24 John Lucas
10%
11 Kendal Gill
10%
33 Kevin Willis
10%
31 Kevin Willis
10%
10 Ron Harper
10%
12 Vlade Divac
10%
30 Andrew Bynum
5%
13 Darryl Dawkins
5%
12 Hassan Whiteside
5%
12 JaVale McGee
5%
25 Nate Mcmillan
5%
24 Ramon Sessions
5%
10 Brandon Roy
0%
30 Enes Freedom
0%
10 Johnny Moore
0%
12 Keon Clark
0%
30 Michael Cage
0%
10 Michael Finley
0%
34 Rony Seikaly
0%
10 T.J. McConnell
0%
No matching quizzes found
Score Distribution
Percent of People with Each Score
Percentile by Number Answered
Your Score History
You have not taken this quiz